The seismic analysis code : a primer and user's guide (Record no. 57243)

MARC details
000 -LEADER
fixed length control field 00731nam a2200181 a 4500
008 - FIXED-LENGTH DATA ELEMENTS--GENERAL INFORMATION
fixed length control field 200806s2013 ||||||||||||||||| || u
020 ## - INTERNATIONAL STANDARD BOOK NUMBER
International Standard Book Number 9781107613195
050 ## - LIBRARY OF CONGRESS CALL NUMBER
Classification number QE 539.2 .S34 Hel
100 ## - MAIN ENTRY--PERSONAL NAME
Personal name Wookey, James
245 14 - TITLE STATEMENT
Title The seismic analysis code : a primer and user's guide
Statement of responsibility, etc. By George Helffrich; James Wookey; Ian Bastow
260 ## - PUBLICATION, DISTRIBUTION, ETC.
Place of publication, distribution, etc. Cambridge
Name of publisher, distributor, etc. Cambridge University Press
Date of publication, distribution, etc. 2013
300 ## - PHYSICAL DESCRIPTION
Extent xi, 173 pages : illustrations
650 ## - SUBJECT ADDED ENTRY--TOPICAL TERM
Topical term or geographic name entry element SEISMOMETRY
650 ## - SUBJECT ADDED ENTRY--TOPICAL TERM
Topical term or geographic name entry element EARTHQUAKE HAZARD ANALYSIS
700 ## - ADDED ENTRY--PERSONAL NAME
Personal name Bastow, Ian
700 ## - ADDED ENTRY--PERSONAL NAME
Personal name Helffrich, George
995 ## - RECOMMENDATION 995 [LOCAL, UNIMARC FRANCE]
-- 29.55
-- CBU-MAIN LIBRARY (Kitwe)
-- 1
-- AVAILABLE
-- Aug 7, 2020
-- Main Library Open Access Collection
Holdings
Withdrawn status Lost status Source of classification or shelving scheme Damaged status Not for loan Home library Current library Shelving location Date acquired Total Checkouts Full call number Barcode Date last seen Price effective from Koha item type
          CBU-MAIN LIBRARY, KITWE. CBU-MAIN LIBRARY, KITWE.   11/30/2022   QE 539.2 .S34 Hel 750175 11/30/2022 11/30/2022 MONOGRAPH